000 00418nam a2200181Ia 4500
008 221030s9999 xx 000 0 und d
020 _a8120316533
041 _aEnglish
082 _a105.23
_bTac
100 _aJ. Tackett
245 0 _aUsing Linux
_cby J. Tackett, S. Burnett
250 _a5th
260 _bPHI
_aNew Delhi
_c2000
300 _a917
650 _aBE Computer
700 _aS. Burnett
942 _cBK
999 _c7666
_d7666